List of members of Lok Sabha : (Record no. 4366)
[ view plain ]
| 000 -LEADER | |
|---|---|
| fixed length control field | 01132nam a2200337 a 4500 |
| 001 - CONTROL NUMBER | |
| control field | vtls000000407 |
| 003 - CONTROL NUMBER IDENTIFIER | |
| control field | NLI |
| 005 - DATE AND TIME OF LATEST TRANSACTION | |
| control field | 20210601180013.0 |
| 008 - FIXED-LENGTH DATA ELEMENTS--GENERAL INFORMATION | |
| fixed length control field | 101124s1968 ii a rl f000 0 eng |
| 020 ## - INTERNATIONAL STANDARD BOOK NUMBER | |
| Terms of availability | Rs. 1.00 |
| 039 #9 - LEVEL OF BIBLIOGRAPHIC CONTROL AND CODING DETAIL [OBSOLETE] | |
| -- | 201011242355 |
| -- | VLOAD |
| 040 ## - CATALOGING SOURCE | |
| Original cataloging agency | NLI |
| Transcribing agency | VTLS |
| 041 0# - LANGUAGE CODE | |
| Language code of text/sound track or separate title | eng |
| 044 ## - COUNTRY OF PUBLISHING/PRODUCING ENTITY CODE | |
| MARC country code | ii |
| 082 04 - DEWEY DECIMAL CLASSIFICATION NUMBER | |
| Classification number | 328.54 |
| 110 1# - MAIN ENTRY--CORPORATE NAME | |
| Corporate name or jurisdiction name as entry element | India . |
| Subordinate unit | Parliament . |
| -- | Lok Sabha |
| Number of part/section/meeting | (4th : |
| Date of meeting or treaty signing | 1977-1979) |
| 9 (RLIN) | 7463 |
| 245 10 - TITLE STATEMENT | |
| Title | List of members of Lok Sabha : |
| Remainder of title | showing permanent and Delhi addresses and telephone numbers, corrected upto 13th August, 1968 / |
| Statement of responsibility, etc. | Fourth Lok Sabha, Govt. of India |
| 250 ## - EDITION STATEMENT | |
| Edition statement | 4th ed. |
| 260 ## - PUBLICATION, DISTRIBUTION, ETC. | |
| Place of publication, distribution, etc. | New Delhi : |
| Name of publisher, distributor, etc. | Lok Sabha Secretariat, |
| Date of publication, distribution, etc. | 1968 |
| 300 ## - PHYSICAL DESCRIPTION | |
| Extent | v, 152 p. : |
| Other physical details | ill.; |
| Dimensions | 21 cm. |
| 650 #0 - SUBJECT ADDED ENTRY--TOPICAL TERM | |
| Topical term or geographic name entry element | Legislators |
| Geographic subdivision | India |
| 9 (RLIN) | 5866 |
| 650 #0 - SUBJECT ADDED ENTRY--TOPICAL TERM | |
| Topical term or geographic name entry element | Legislative bodies |
| Geographic subdivision | India |
| 887 ## - NON-MARC INFORMATION FIELD | |
| Content of non-MARC field | Arjun |
| 901 ## - LOCAL DATA ELEMENT A, LDA (RLIN) | |
| a | IOD55280 |
| 902 ## - LOCAL DATA ELEMENT B, LDB (RLIN) | |
| a | GP328.54 In2l[4th]4thed |
| 905 ## - LOCAL DATA ELEMENT E, LDE (RLIN) | |
| a | Arjun |
| 906 ## - LOCAL DATA ELEMENT F, LDF (RLIN) | |
| a | IOD469 |
| 949 ## - LOCAL PROCESSING INFORMATION (OCLC) | |
| -- | VIRTUAITEM |
| -- | 10003 |
| -- | 1 |
| -- | 100 |
| 6 | IOD000055280ENG |
| 942 ## - ADDED ENTRY ELEMENTS (KOHA) | |
| Source of classification or shelving scheme | Dewey Decimal Classification |
| Koha item type | Books |
| Withdrawn status | Lost status | Damaged status | Not for loan | Collection code | Home library | Current library | Shelving location | Date acquired | Total Checkouts | Full call number | Barcode | Date last seen | Price effective from | Koha item type |
|---|---|---|---|---|---|---|---|---|---|---|---|---|---|---|
| Government Publications | National Library of India | National Library of India | Annexe Reading Room & Stack Division | GP328.54 In2l[4th]4thed | IOD000055280ENG | 01/06/2021 | 01/06/2021 | Books |
